Вып. 56; Отбор и передача информации

Bibliografiske detaljer
Parent link:Отбор и передача информации: республиканский межведомственный сборник научных трудов/ Академия наук Украинской ССР (АН УССР), Физико-механический институт (ФМИ). Вып. 56.— , 1965-1987
Andre forfattere: Михайловский В. Н. (редактор)
Sprog:russisk
Udgivet: 1979
Fag:
Format: Bog
KOHA link:https://koha.lib.tpu.ru/cgi-bin/koha/opac-detail.pl?biblionumber=333965

MARC

LEADER 00000nam2a2200000 4500
001 333965
005 20231102004616.0
035 |a (RuTPU)RU\TPU\book\359981 
035 |a RU\TPU\book\359980 
090 |a 333965 
100 |a 20170705d1979 k y0rusy5003 ca 
101 0 |a rus 
102 |a UA 
105 |a a z 001zy 
200 0 |a Вып. 56  |f отв. ред. В. Н. Михайловский 
210 |d 1979 
215 |a 127 с.  |c ил. 
320 |a Библиогр. в конце ст. 
320 |a Библиография в конце статей 
461 1 |0 (RuTPU)RU\TPU\book\285316  |t Отбор и передача информации  |o республиканский межведомственный сборник научных трудов  |f Академия наук Украинской ССР (АН УССР), Физико-механический институт (ФМИ)  |v Вып. 56  |d 1965-1987 
606 1 |a Информация  |x Передача  |x Отбор  |2 stltpush  |3 (RuTPU)RU\TPU\subj\12991  |9 39681 
610 1 |a теория 
610 1 |a сигналы 
610 1 |a распараллеливание 
610 1 |a алгоритмы 
610 1 |a цифровые сигналы 
610 1 |a электромагнитные поля 
610 1 |a методы 
610 1 |a расчеты 
610 1 |a преобразователи 
610 1 |a (?, n)-реакции 
610 1 |a релаксаторы 
610 1 |a чувствительность 
610 1 |a информационно-измерительные системы 
610 1 |a фазометры 
675 |a 621.391  |z rus  |v 3 
702 1 |a Михайловский  |b В. Н.  |4 340 
801 0 |a RU  |b 63413507  |c 19950704  |g psbo 
801 1 |a RU  |b 63413507  |c 20141111 
801 2 |a RU  |b 63413507  |c 20170710  |g RCR 
942 |c BK